• 首页
  • 本馆介绍
  • 公告通知
  • 最新文献
  • 馆藏检索
  • 电子资源
  • 读者导购
  • 参考咨询
  • 我的图书馆
  • 登录
  • 详细信息显示
  • 放入我的书架
  • 预约/预借图书
  • 作者相关作品
  • 分类相关作品
  • 丛书相关作品
  • 出版社相关作品

书目信息

  • 表格格式
  • 工作单格式
  • 卡片格式
题名:
乐山城记
    
 
作者: 邱硕 著
分册:  
出版信息: 成都   天地出版社  2019
页数: 246页
开本: 24cm
丛书名:
单 册:
中图分类: K297.13
科图分类:
主题词: 城市史--乐山市
电子资源:
ISBN: 978-7-5455-4620-0
000 00847nam0 2200229 450
001 2354056911
005 20231209150121.51
010    @a978-7-5455-4620-0@dCNY 38.00
100    @a20190521d2019 em y0chiy0120 ea
101 0  @achi
102    @aCN@b510000
105    @aab z 000yy
200 1  @a乐山城记@Ale shan cheng ji@b专著@e一座古城的生命史@f邱硕著
210    @a成都@c天地出版社@d2019
215    @a246页@c图,照片,地图@d24cm
330    @a本书从城址移动、城墙建毁、坊市聚散、街巷变化、祠庙兴废、庭楼增减等关联了区域政治、经济、文化、社会各方面的历史发展,以乐山这座内陆古城的生命历程折射了中国传统城市的兴衰。
517 1  @a一座古城的生命史@Ayi zuo gu cheng de sheng ming shi
606 0  @a城市史@y乐山市
690    @aK297.13@v5
701  0 @a邱硕@Aqiu shuo@c(女,@f1983-)@4著
801  2 @aCN@b辽宁北配@c20231205
905    @aZUCC@dK297.13@e2
    
    乐山城记:一座古城的生命史/邱硕著.-成都:天地出版社,2019
    246页:图,照片,地图;24cm
    
    
    ISBN 978-7-5455-4620-0:CNY 38.00
    本书从城址移动、城墙建毁、坊市聚散、街巷变化、祠庙兴废、庭楼增减等关联了区域政治、经济、文化、社会各方面的历史发展,以乐山这座内陆古城的生命历程折射了中国传统城市的兴衰。
●
相关链接 在五车中查询图书 在当当中查询图书 在豆瓣中查询图书


正题名:乐山城记     索取号:K297.13/2         预约/预借

序号 登录号 条形码 馆藏地/架位号 状态 备注
1 2001508767   2001508767   509书库/ [索取号:K297.13/2] 在馆    
2 2001508768   2001508768   509书库/ [索取号:K297.13/2] 在馆    
3 2001508769   2001508769   509书库/ [索取号:K297.13/2] 在馆    
4 2001508770   2001508770   315书库/ [索取号:K297.13/2] 在馆    
5 2001508771   2001508771   315书库/ [索取号:K297.13/2] 在馆    
6 2001508772   2001508772   315书库/ [索取号:K297.13/2] 在馆    
7 2001508773   2001508773   315书库/ [索取号:K297.13/2] 在馆    
8 2001508774   2001508774   315书库/ [索取号:K297.13/2] 在馆    
9 2001508775   2001508775   315书库/ [索取号:K297.13/2] 在馆    
10 2001508776   2001508776   509书库/ [索取号:K297.13/2] 在馆    
山东省滨州职业学院图书馆 欢迎您!
大连网信软件有限公司© 版权所有